000 00499cam a2200217 4500
001 D7097
008 090401t1982 xxu||||| |||| 00| 0 eng d
035 _a(Sirsi) u5157
041 _aeng
050 _a347.41067
100 _aMildred, R.H.
245 4 _aThe expert witness
260 _aLondon
_bGeorge Godwin
_c1982
300 _ax. 131p. 24cm
350 _a9.5
650 _aEVIDENCE
650 _aEXPERT WITNESSES
650 _aPROOFS OF EVIDENCE
942 _n0
948 _c04/03/1997
999 _c86129
_d86129